000 00821npc a2200217Ia 4500
001 onu18/aif-1669 [d000001720]
003 IT-MiCISF
008 161014s9999||||xx | und||
040 _aIT-MiCISF
_cIT-MiCISF
041 _aen
100 _aRoussel Louis
240 _aConsultant Paper on Fertility and Family in Europe & North America
245 0 _aConsultant Paper on Fertility and Family in Europe & North America
_bPreparation Meeting for the International Year of the Family, Valletta - Malta, 26-30 april 1993
250 _a1a ed.
260 _a New York
_bUnited Nations
_c1993
300 _app. 63
500 _a / popolazione, fertilità, famiglia-occidentale, figli-naturali, divorzio, nuzialità, comparazione, aif /
650 _apopolazione
942 _cDD
957 _71
999 _a1669
_bsi
_g1
_c206067
_d206067